| 000 | 03046nam0a2200397 4500 | ||
|---|---|---|---|
| 001 | RU\NLR\BIBL_A\012902427 | ||
| 005 | 20250624220729.0 | ||
| 010 |
_a978-5-93488-249-6 _9500 |
||
| 021 |
_aRU _b2022-54576 _9КН-П-4733 |
||
| 035 | _a(RuMoRGB)011180176 | ||
| 035 | _a(NLR Aleph) 012902427 | ||
| 090 |
_a12585562 _c12585562 |
||
| 100 | _a20221005d2022 |||y0rusy50 ca | ||
| 101 | 0 | _arus | |
| 102 | _aRU | ||
| 105 | _aachbz|||000zy | ||
| 181 | 0 |
_ai2 _bab2e |
|
| 181 | 0 |
_ab2 _bbb2e |
|
| 182 | 0 | _an | |
| 200 | 1 |
_aВышний Волочёк: волок на Цне. Ямская Слобода. Город _fГалина Ильина, Лариса Клинова |
|
| 203 |
_aТекст _aИзображение _bвизуальные _cнепосредственные |
||
| 210 |
_aВышний Волочёк _cИрида-прос _d2022 |
||
| 215 |
_a271 с. _cил., цв. ил., портр., факс., карты _d30 |
||
| 320 | _aБиблиогр. в подстроч. примеч. | ||
| 320 | _aДр. работы 1-го авт. в аннот. | ||
| 330 | _aЭта книга не претендует на роль справочника или исследовательского сочинения. Она, скорее всего, - рассказ влюблённого в свой родной город и увлечённого его историей краеведа. Более пятидесяти лет, сначала как любознательный обыватель, затем как историк-любитель, позднее, как сотрудник вышневолоцкого Общества охраны памятников истории и культуры и краеведческого музея, а сейчас просто как неравнодушный активист "серебряного" возраста, Галина Петровна Ильина собирает и изучает материалы архивных и книжных источников, записывает воспоминания земляков-старожилов, интересуется находками археологов, историков и коллег-краеведов. Её материалы не раз публиковались тематическими статьями на страницах местных периодических изданий и представлялись на краеведческих встречах | ||
| 607 |
_aВышний Волочек, город (Тверская область) _xИстория _92129863 _3RU\NLR\AUTH\661285066 |
||
| 675 |
_a908(470.331-21) _v4 |
||
| 686 | 1 | _aТ3(2Р-4Тв-2Вв)0,02 | |
| 700 | 1 |
_7ca _8rus _aИльина _bГ. П. _cкраевед _gГалина Петровна _9249489 _3RU\NLR\AUTH\770249545 |
|
| 701 | 1 |
_aКлинова _bЛ. Н. _gЛариса Николаевна |
|
| 942 | _cBOOK | ||
| 980 | _aNB | ||